000 01034am a2200337a 44500
003 AR-BaBNM
005 20251128211203.0
008 043020s2000 #AR|||||||||||000 | spa||
020 _a987-9191-90-0
040 _cAR-BaBNM
100 1 _aAugustowsky, Gabriela Paula
245 1 0 _aTras las huellas urbanas
_benseñar historia a partir de la ciudad
250 _a1ª ed.
260 _aBuenos Aires
_bEdiciones Novedades Educativas
_c2000
300 _a109 p.
_bil., tablas
490 0 _aRecursos didácticos
504 _aContiene referencias bibliográficas p. 107-108
650 4 _aENSEÑANZA DE LAS CIENCIAS SOCIALES
650 4 _aENSEÑANZA DE LA HISTORIA
650 4 _aHISTORIA SOCIAL
650 4 _aHISTORIA DE BUENOS AIRES
653 _aPROYECTOS DE AULA
653 _aSEGUNDO CICLO DE LA EGB
653 _aESTRATEGIAS DIDACTICAS
653 _aTERCER CICLO DE LA EGB
653 _aEXPERIENCIAS EDUCATIVAS
700 1 _aEdelstein, Oscar
700 1 _aTabakman, Silvia
942 _cBK
998 _craquel
999 _c18627
_d18627